| 000 | 00853cam a22002653a 4500 | ||
|---|---|---|---|
| 001 | 17776 | ||
| 003 | PGUSA | ||
| 005 | 20140828083359.0 | ||
| 008 | 060216s2006||||xxu|||||s|||||000 | eng d | ||
| 040 |
_aPGUSA _beng |
||
| 042 | _adc | ||
| 050 | 4 | _aTA | |
| 100 | 1 |
_aGregory, W. B. _q(William Benjamin), _d1871-1945 |
|
| 245 | 1 | 0 |
_aTransactions of the American Society of Civil Engineers, vol. LXX, Dec. 1910 : _bTests of Creosoted Timber, Paper No. 1168 _h[electronic resource] / _cW. B. Gregory |
| 260 |
_bProject Gutenberg, _c2006 |
||
| 506 | _aPublic domain in the USA. | ||
| 516 | _aElectronic text | ||
| 653 | _aWood -- Testing | ||
| 653 | _aWood -- Preservation | ||
| 653 | _aCreosote | ||
| 653 | _aCivil engineering -- Periodicals | ||
| 830 | 0 |
_aProject Gutenberg _v17776 |
|
| 856 | 4 | 0 | _uhttp://www.gutenberg.org/ebooks/17776 |
| 942 | _cEB | ||
| 999 |
_c247031 _d247031 |
||